000 00288nam a22001337a 4500
008 170828b xxu||||| |||| 00| 0 eng d
020 _a783254037076
041 _aeng
080 _25 ED
_a070
100 _a39
101 _aMED
245 _aMULTI MEDIA
_cVAUGHAN.T
942 _2udc
_cBK
999 _c25138
_d25138